000 01035nam a2200337 a 4500
003 AR-BaBNM
005 20251128204937.0
008 082120s2002 ||||||||||||||000 | spa||
020 _a84-277-1109-3
040 _cAR-BaBNM
245 0 0 _aDiseño de diversificación curricular en secundaria
260 _aMadrid
_bNarcea
_c1995
300 _a205 p.
_btablas
490 0 _aEducación para todos
500 _aLOGSE: Ley Orgánica de Ordenación del Sistema Educativo
500 _a"Diversificación curricular en la Enseñanza Secundaria Obligatoria"
650 4 _aCURRICULO
650 4 _aENSEÑANZA PROGRAMADA
650 4 _aPROYECTOS MODELO
650 4 _aMETODOS DE ENSEÑANZA
650 4 _aTECNICAS DE ENSEÑANZA
650 4 _aTECNICAS DE EVALUACION
651 4 _aEspaña
653 _aEDUCACION SECUNDARIA
700 1 _aMuzás Rubio, María Dolores
700 1 _aBlanchard Giménez, Mercedes
700 1 _aJiménez Jiménez, Angel
700 1 _aMelgar Cuesta, Juan Carlos
942 _cBK
998 _cSILVI
999 _c9433
_d9433